[Event "WSTCC-50 2020"]
[Site "Prague"]
[Date "2020.03.10"]
[Round "5.28"]
[White "Karlsson, Agust S"]
[Black "Kranzl, Peter"]
[Result "1/2-1/2"]
[WhiteElo "2268"]
[BlackElo "2153"]
[Annotator "ChessBase"]
[PlyCount "81"]
[EventDate "2020.03.06"]
[EventType "team-tourn"]
[EventCountry "CZE"]
[SourceTitle "playchess.com"]
[Source "ChessBase"]
[SourceQuality "1"]
[TimeControl "40/5400+30:1800+30"]

1. d4 {[%emt 0:00:00]} Nf6 {[%emt 0:00:00]} 2. Nf3 {[%emt 0:00:00]} g6 {[%emt 0:00:17]} 3. g3 {[%emt 0:00:00]} Bg7 {[%emt 0:00:12]} 4. Bg2 {[%emt 0:00:00]} O-O {[%emt 0:00:16]} 5. O-O {[%emt 0:00:00]} d6 {[%emt 0:00:30]} 6. b3 {[%emt 0:00:00]} c6 {[%emt 0:03:09]} 7. Bb2 {[%emt 0:01:20]} Qa5 {[%emt 0:07:17]} 8. h3 {[%emt 0:11:58]} Qh5 {[%emt 0:05:50]} 9. g4 {[%emt 0:03:06]} Qa5 {[%emt 0:00:44]} 10. Qe1 {[%emt 0:08:40]} Qxe1 {[%emt 0:03:37]} 11. Rxe1 {[%emt 0:02:09]} h5 {[%emt 0:00:51]} 12. g5 {[%emt 0:01:19]} Ne4 {[%emt 0:02:47]} 13. Nbd2 {[%emt 0:08:32]} Bf5 {[%emt 0:14:00]} 14. Rad1 {[%emt 0:03:34]} Na6 {[%emt 0:06:01]} 15. c3 {[%emt 0:01:26]} Nc7 {[%emt 0:03:14]} 16. Bf1 {[%emt 0:01:34]} d5 {[%emt 0:04:39]} 17. Nxe4 {[%emt 0:01:33]} dxe4 {[%emt 0:00:43]} 18. Nh4 {[%emt 0:07:47]} Be6 {[%emt 0:01:24]} 19. Bg2 {[%emt 0:02:22]} a5 {[%emt 0:00:18]} 20. Ba3 {[%emt 0:05:36]} Rfe8 {[%emt 0:00:37]} 21. c4 {[%emt 0:02:07]} a4 {[%emt 0:02:57]} 22. Bc5 {[%emt 0:00:16]} Ra6 {[%emt 0:00:24]} 23. e3 {[%emt 0:01:29]} b6 {[%emt 0:05:27]} 24. Bb4 {[%emt 0:01:00]} axb3 {[%emt 0:00:36]} 25. axb3 {[%emt 0:00:06]} b5 {[%emt 0:00:13]} 26. Rc1 {[%emt 0:09:33]} bxc4 {[%emt 0:06:59]} 27. bxc4 {[%emt 0:01:08]} Ra4 {[%emt 0:02:46]} 28. Bc5 {[%emt 0:01:34]} Rxc4 {[%emt 0:03:52]} 29. Bxe4 {[%emt 0:01:08]} Rxc1 {[%emt 0:01:12]} 30. Rxc1 {[%emt 0:00:04]} Bd7 {[%emt 0:08:46]} 31. f4 {[%emt 0:00:58]} Nd5 {[%emt 0:00:51]} 32. f5 {[%emt 0:02:41]} gxf5 {[%emt 0:03:44]} 33. Bxf5 {[%emt 0:06:53]} e6 {[%emt 0:01:10]} 34. Be4 {[%emt 0:02:39]} Nxe3 {[%emt 0:00:57]} 35. Bf3 {[%emt 0:05:36]} e5 {[%emt 0:01:06]} 36. g6 {[%emt 0:00:55]} fxg6 {[%emt 0:02:16]} 37. dxe5 {[%emt 0:01:10]} Rxe5 {[%emt 0:00:31]} 38. Nxg6 {[%emt 0:02:57]} Rg5+ {[%emt 0:02:14]} 39. Kf2 {[%emt 0:00:45]} Rxg6 {[%emt 0:00:55]} 40. Bxe3 {[%emt 0:00:00]} Bxh3 {[%emt 0:00:00]} 41. Rxc6 {[%emt 0:00:29]} 1/2-1/2

[Event "WSTCC-50 2020"]
[Site "Prague"]
[Date "2020.03.10"]
[Round "5.29"]
[White "Fritsche, Lutz"]
[Black "Bryson, Douglas M"]
[Result "0-1"]
[WhiteElo "2321"]
[BlackElo "2334"]
[Annotator "TA"]
[PlyCount "126"]
[EventDate "2020.03.06"]
[EventType "team-tourn"]
[EventCountry "CZE"]
[SourceTitle "playchess.com"]
[Source "ChessBase"]
[SourceQuality "1"]

{[%evp 9,126,44,46,43,57,55,45,45,56,22,31,11,25,14,18,-59,-64,-59,-55,-52,-62,-117,-109,-118,-112,-110,-106,-108,-102,-99,-100,-109,-98,-103,-105,-122,-122,-119,-122,-116,-115,-115,-114,-106,-89,-95,-89,-95,-96,-91,-89,-89,-89,-89,-98,-199,-210,-194,-133,-373,-361,-350,-347,-321,-205,-205,-205,-196,-147,-147,-147,-147,-147,-147,-147,-147,-147,-147,-147,-147,-147,-147,-147,-147,-147,-147,-147,-147,-147,-147,-147,-147,-147,-132,-129,-191,-191,-137,-9,-9,-10,-35,-38,-38,-38,-1006,-509,-29981,-29982,-29982,-29983,-29983,-29984,-29984,-29985,-29985,-29986,-29986,-29987]} 1. e4 d5 2. exd5 Nf6 3. d4 Bg4 4. f3 Bf5 5. Bb5+ c6 6. dxc6 {B01: Scandinavian Defence.} Nxc6 7. Ne2 Qb6 8. Bxc6+ {White is slightly better.} Qxc6 {[#]} 9. Nbc3 $146 ({Predecessor:} 9. c3 h5 10. Na3 h4 11. h3 e6 12. Nc2 Bd6 13. O-O Nh5 14. Ne3 Bg6 15. Re1 {½-½ (30) Ploscaru,S (2223)-Baroin,B (2246) ICCF email 2018}) 9... e6 10. Be3 Rd8 11. O-O Bb4 12. d5 ({White should play} 12. a3 $11 Ba5 13. Bg5) 12... Nxd5 $15 13. Nxd5 Rxd5 14. Nd4 Bc5 15. Re1 ({Better is} 15. f4 $1 $15) 15... Bxd4 $17 16. Bxd4 Bxc2 17. Qd2 Qc4 18. Rac1 {And now Re4 would win.} Qxd4+ 19. Qxd4 Rxd4 20. Rxc2 {[%mdl 4096] Endgame KRR-KRR} Ke7 21. Rc7+ Rd7 22. Rxd7+ Kxd7 {KR-KR} 23. Rd1+ Ke7 24. Rc1 Rd8 25. Rc2 e5 26. Kf2 Rd7 27. Ke3 Ke6 28. h4 h5 29. Rc8 Kf5 30. g3 g6 31. Rc5 f6 32. a4 (32. a3 $17 {might work better.}) 32... Rd4 $1 $19 33. Rb5 b6 (33... Rxa4 $19 34. Rxb7 a5) 34. b3 $2 {[#]} (34. a5 $17 {was the only defense.}) 34... Ke6 $1 {[%cal Re6f5]} 35. f4 Rd5 36. Rb4 Kd6 37. fxe5+ Rxe5+ 38. Kf3 Rc5 39. g4 Ke6 40. gxh5 Rxh5 41. Rg4 g5 42. hxg5 Rxg5 43. Rb4 Rh5 44. Kg4 Rd5 45. Kf4 Rd3 46. Rb5 Rd4+ 47. Ke3 Rd5 48. Rb4 Rh5 49. Kf3 Kd6 50. Kg4 Rg5+ 51. Kf4 Kc6 52. Ke3 (52. Kf3 $17) 52... a5 53. Rf4 (53. Rc4+ $19 Kd5 54. Kf3) 53... Rg3+ (53... f5 $17 {Hoping for ...Rg3+.} 54. Rf3 Rg4 55. Rxf5 Rb4 56. Rf6+ Kd5 57. Rf5+ {[#]} Ke6 $1 {[%mdl 512]}) 54. Kd4 $11 Rxb3 {...Rb4+ is the strong threat.} 55. Rxf6+ Kb7 {Threatens to win with ...Rb4+.} 56. Rf7+ $1 Ka6 {aiming for ...Rb4+.} 57. Rc7 $2 {[%mdl 8192]} (57. Rf4 $15) 57... Rb4+ $19 {[%mdl 64] Double Attack} 58. Rc4 {[#]} (58. Kc3 $19 Rxa4 59. Rg7) 58... b5 $1 {Black mates.} 59. Rxb4 axb4 60. axb5+ Kxb5 61. Kd3 Ka4 62. Kc2 Ka3 63. Kb1 Kb3 {Accuracy: White = 74%, Black = 87%.} 0-1

[Event "WSTCC-50 2020"]
[Site "Prague"]
[Date "2020.03.10"]
[Round "5.30"]
[White "Farrell, Neil"]
[Black "Schulz, Klaus-Juergen"]
[Result "1-0"]
[WhiteElo "2183"]
[BlackElo "2331"]
[Annotator "TA"]
[PlyCount "45"]
[EventDate "2020.03.06"]
[EventType "team-tourn"]
[EventCountry "CZE"]
[SourceTitle "playchess.com"]
[Source "ChessBase"]
[SourceQuality "1"]

{[%evp 9,45,6,4,0,0,0,0,-3,0,-4,0,0,0,-12,43,-32,-22,-45,-3,-17,0,-22,-24,-28,-15,-39,40,44,282,270,267,260,271,254,870,870,29993,29994]} 1. d4 Nf6 2. c4 e6 3. g3 Bb4+ 4. Bd2 a5 5. Bg2 O-O 6. e4 {E00: Catalan Bogo-Indian (3 g3 Bb4+).} d6 7. Ne2 e5 8. O-O {The position is equal.} Re8 9. d5 {[#]} Bd7 $146 ({Predecessor:} 9... Na6 10. Nbc3 c6 11. h3 cxd5 12. cxd5 Bc5 13. Kh2 Bd7 14. f4 b5 15. fxe5 Rxe5 {½-½ (70) Abdel Razik,K (2450)-Moiseenko,A (2709) Antalya 2013}) 10. Nbc3 h6 11. h3 a4 (11... Na6 $11) 12. f4 (12. a3 $14 Bc5 13. Qc2) 12... exf4 13. Bxf4 Nh7 14. Kh2 Nf8 15. Qd2 Ng6 16. a3 Bc5 17. e5 Nxf4 (17... Nxe5 $15 18. Bxe5 Rxe5) 18. Qxf4 $14 dxe5 $2 {This costs Black the game.} (18... Rf8 $14) 19. Qxf7+ $18 Kh8 {[#]} 20. Ne4 $1 {[%cal Re4c5]} Bf8 21. N2c3 Na6 $2 (21... Ra6 22. c5 Be7) 22. Qg6 Re7 {[#]} 23. Ng5 $1 {[%mdl 576] Clearance. Accuracy: White = 92%, Black = 49%.} 1-0

[Event "WSTCC-50 2020"]
[Site "Prague"]
[Date "2020.03.10"]
[Round "5.31"]
[White "Maier, Christian"]
[Black "Grant, Jonathan I M"]
[Result "1/2-1/2"]
[WhiteElo "2294"]
[BlackElo "2166"]
[Annotator "ChessBase"]
[PlyCount "80"]
[EventDate "2020.03.06"]
[EventType "team-tourn"]
[EventCountry "CZE"]
[SourceTitle "playchess.com"]
[Source "ChessBase"]
[SourceQuality "1"]
[TimeControl "40/5400+30:1800+30"]

1. e4 {[%emt 0:00:00]} c6 {[%emt 0:00:00]} 2. d4 {[%emt 0:00:00]} d5 {[%emt 0:00:00]} 3. e5 {[%emt 0:00:00]} Bf5 {[%emt 0:00:00]} 4. Nf3 {[%emt 0:00:30]} e6 {[%emt 0:00:00]} 5. Be2 {[%emt 0:00:05]} Nd7 {[%emt 0:00:46]} 6. O-O {[%emt 0:00:07]} h6 {[%emt 0:00:30]} 7. b3 {[%emt 0:00:09]} Ne7 {[%emt 0:01:03]} 8. c4 {[%emt 0:00:05]} Nc8 {[%emt 0:04:30]} 9. h3 {[%emt 0:03:00]} Be7 {[%emt 0:02:04]} 10. cxd5 {[%emt 0:00:20]} cxd5 {[%emt 0:01:56]} 11. Nc3 {[%emt 0:01:42]} Bb4 {[%emt 0:02:24]} 12. Bb2 {[%emt 0:00:19]} O-O {[%emt 0:04:26]} 13. Bd3 {[%emt 0:01:06]} Ne7 {[%emt 0:02:32]} 14. Ne2 {[%emt 0:00:47]} Bxd3 {[%emt 0:02:28]} 15. Qxd3 {[%emt 0:00:08]} Nc6 {[%emt 0:01:59]} 16. Nf4 {[%emt 0:00:40]} Rc8 {[%emt 0:03:12]} 17. a3 {[%emt 0:00:34]} Be7 {[%emt 0:00:51]} 18. Rfe1 {[%emt 0:00:07]} a5 {[%emt 0:01:45]} 19. Nh5 {[%emt 0:00:42]} a4 {[%emt 0:03:01]} 20. b4 {[%emt 0:00:04]} Bxb4 {[%emt 0:05:01]} 21. axb4 {[%emt 0:00:06]} Nxb4 {[%emt 0:00:19]} 22. Qb5 {[%emt 0:00:04]} Nc2 {[%emt 0:00:46]} 23. Qxa4 {[%emt 0:00:26]} Nxa1 {[%emt 0:09:57]} 24. Qxa1 {[%emt 0:00:21]} Qb6 {[%emt 0:02:59]} 25. Ba3 {[%emt 0:05:07]} Ra8 {[%emt 0:02:36]} 26. Qc1 {[%emt 0:02:16]} Rfc8 {[%emt 0:04:00]} 27. Qe3 {[%emt 0:00:46]} Qa5 {[%emt 0:02:28]} 28. Bd6 {[%emt 0:05:56]} Rc3 {[%emt 0:02:20]} 29. Qd2 {[%emt 0:01:18]} Rb3 {[%emt 0:09:11]} 30. Qxa5 {[%emt 0:09:37]} Rxa5 {[%emt 0:00:07]} 31. Rc1 {[%emt 0:00:05]} Ra8 {[%emt 0:02:13]} 32. Rc7 {[%emt 0:00:06]} Nf8 {[%emt 0:01:21]} 33. h4 {[%emt 0:00:32]} b5 {[%emt 0:05:32]} 34. Rb7 {[%emt 0:04:04]} Ng6 {[%emt 0:02:47]} 35. Kh2 {[%emt 0:18:22]} Rb2 {[%emt 0:03:57]} 36. Kg3 {[%emt 0:00:05]} Raa2 {[%emt 0:06:28]} 37. Rb8+ {[%emt 0:00:53]} Kh7 {[%emt 0:00:07]} 38. Rb7 {[%emt 0:00:05]} Kg8 {[%emt 0:04:53]} 39. Rb8+ {[%emt 0:01:01]} Kh7 {[%emt 0:00:16]} 40. Rb7 {[%emt 0:00:00]} Kg8 1/2-1/2

[Event "WSTCC-50 2020"]
[Site "Prague"]
[Date "2020.03.10"]
[Round "5.32"]
[White "Burnett, Andrew"]
[Black "Wolf, Volker"]
[Result "1/2-1/2"]
[WhiteElo "2138"]
[BlackElo "2278"]
[Annotator "TA"]
[PlyCount "139"]
[EventDate "2020.03.06"]
[EventType "team-tourn"]
[EventCountry "CZE"]
[SourceTitle "playchess.com"]
[Source "ChessBase"]
[SourceQuality "1"]

{[%evp 14,139,37,14,32,29,29,30,35,29,30,26,27,35,54,12,12,20,30,20,16,25,18,0,0,0,0,0,0,0,0,0,0,0,35,28,25,30,60,47,49,54,98,91,97,98,98,101,100,88,120,81,85,89,76,22,20,-15,-14,-82,-81,-81,-53,-69,-68,-67,0,-114,-107,-96,-38,-43,-37,-82,0,0,0,0,0,0,0,0,0,0,0,0,0,0,0,0,0,0,0,0,0,0,0,0,0,0,0,0,0,0,0,0,0,0,0,0,0,0,0,0,0,0,0,0,0,0,0,0,0,0,0,0,0,0]} 1. d4 e6 2. Nf3 Nf6 3. Bf4 c5 4. e3 b6 5. Nbd2 cxd4 6. exd4 Be7 7. h3 Bb7 8. Bd3 d6 {A47: 1 d4 Nf6 2 Nf3 b6: Torre, London and Colle Systems.} 9. O-O O-O 10. Re1 Re8 {White has an edge.} 11. Bh2 a6 12. a4 Nc6 {[%cal Bb8c6,Bc6e7,Be7d5][%mdl 32]} 13. c3 Bf8 14. Qe2 Ne7 15. Ng5 {[#] Black must now prevent Nxf7!} Ned5 $146 ({Predecessor:} 15... Ng6 16. Nde4 Nxe4 17. Nxe4 e5 18. Qh5 Qh4 19. Qxh4 Nxh4 20. dxe5 dxe5 {1-0 (39) Kovacevic,S (2420)-Marciano,D (2485) Suances 1997}) 16. Nde4 h6 17. Nxf6+ Nxf6 18. Ne4 Nxe4 19. Bxe4 Bxe4 20. Qxe4 d5 21. Qg4 b5 22. Bf4 Kh7 23. Re3 Qf6 24. Be5 Qe7 25. h4 $36 {[%mdl 2048] Black is under pressure.} g6 26. h5 g5 $1 27. Qe2 Qd7 28. f4 Be7 29. fxg5 Bxg5 30. Rf3 {Bf6 is the strong threat.} f5 31. Qd3 {Strongly threatening g4.} Rg8 32. Raf1 {[%cal Rf3f5] Rxf5! would kill now.} Raf8 33. axb5 axb5 34. Kh1 (34. b4 $16) 34... Bd8 35. Rf4 Rg5 36. Qh3 (36. Kg1 $11) 36... Rfg8 37. R4f2 Rg4 {And now ...Rh4 would win.} 38. Kg1 Rh4 39. Qd3 Rxh5 (39... Bc7 $15 40. Re2 Bxe5 41. Rxe5 Rxh5) 40. b3 (40. Ra1 $11 {keeps the balance.}) 40... Bc7 $17 {Threatens to win with ...Bxe5.} 41. Qe2 Rh4 (41... Rh3 $17 42. Rf3 Rh4) 42. Rf4 $1 $15 {[%cal Rf4h4]} Rxf4 43. Rxf4 Rg3 (43... Bxe5 $17 44. Qxe5 Qg7) 44. Bxc7 $11 {The position is equal.} Qxc7 {[%mdl 64] [#] Double Attack} 45. Rf3 Rxf3 46. Qxf3 {[%mdl 4096] Endgame KQ-KQ} Kg7 47. Qe3 Qd6 48. b4 Kg6 49. Qe2 Qc6 50. Qe3 Kh7 51. Kh1 Kg6 52. Qg3+ Kh7 53. Qe3 Qa6 54. Kh2 Qd6+ 55. Kh1 Kg6 56. Qe2 Qc6 57. Qe3 Qd7 58. Qg3+ Kh7 59. Qe3 Qe8 60. Qe2 Kg6 61. Qe3 h5 62. Qg3+ Kh7 63. Qc7+ Kg8 64. Qg3+ Kf7 65. Qg5 Qh8 66. Qg3 Qe8 67. Qc7+ Qe7 68. Qc6 Qh4+ 69. Kg1 Qe1+ 70. Kh2 {Accuracy: White = 88%, Black = 86%.} 1/2-1/2

[Event "WSTCC-50 2020"]
[Site "Prague"]
[Date "2020.03.10"]
[Round "5.33"]
[White "Jackson, Sheila"]
[Black "Kozak, Milos"]
[Result "1/2-1/2"]
[WhiteElo "2085"]
[BlackElo "2174"]
[Annotator "ChessBase"]
[PlyCount "31"]
[EventDate "2020.03.06"]
[EventType "team-tourn"]
[EventCountry "CZE"]
[SourceTitle "playchess.com"]
[Source "ChessBase"]
[SourceQuality "1"]
[TimeControl "40/5400+30:1800+30"]

1. e4 {[%emt 0:00:00]} c6 {[%emt 0:00:00]} 2. d4 {[%emt 0:00:00]} d5 {[%emt 0:00:00]} 3. Nc3 {[%emt 0:00:10]} dxe4 {[%emt 0:00:26]} 4. Nxe4 {[%emt 0:00:05]} Bf5 {[%emt 0:00:08]} 5. Ng3 {[%emt 0:00:06]} Bg6 {[%emt 0:00:03]} 6. h4 {[%emt 0:00:14]} h6 {[%emt 0:00:14]} 7. Nf3 {[%emt 0:00:04]} Nd7 {[%emt 0:00:43]} 8. h5 {[%emt 0:00:07]} Bh7 {[%emt 0:00:04]} 9. Bd3 {[%emt 0:00:05]} Bxd3 {[%emt 0:00:04]} 10. Qxd3 {[%emt 0:00:05]} e6 {[%emt 0:00:06]} 11. Bd2 {[%emt 0:01:28]} Qb6 {[%emt 0:00:18]} 12. O-O-O {[%emt 0:01:38]} Ngf6 {[%emt 0:00:12]} 13. Ne4 {[%emt 0:07:01]} Nxe4 {[%emt 0:02:10]} 14. Qxe4 {[%emt 0:00:06]} Nf6 {[%emt 0:00:08]} 15. Qe2 {[%emt 0:00:16]} Qb5 {[%emt 0:00:35]} 16. Qxb5 {[%emt 0:09:27]} 1/2-1/2

[Event "WSTCC-50 2020"]
[Site "Prague"]
[Date "2020.03.10"]
[Round "5.34"]
[White "Bartos, Jan"]
[Black "Bellin, Jana M"]
[Result "1/2-1/2"]
[WhiteElo "2102"]
[BlackElo "2020"]
[Annotator "TA"]
[PlyCount "101"]
[EventDate "2020.03.06"]
[EventType "team-tourn"]
[EventCountry "CZE"]
[SourceTitle "playchess.com"]
[Source "ChessBase"]
[SourceQuality "1"]

{[%evp 11,101,76,85,76,79,71,89,69,106,100,100,94,108,119,108,99,124,84,83,80,83,79,95,95,88,88,98,66,89,88,129,147,182,178,174,117,114,120,114,65,70,22,75,82,115,113,118,126,112,129,122,111,154,121,166,156,159,134,171,180,175,183,168,0,0,0,0,-116,33,35,43,0,0,0,0,0,0,0,0,0,0,0,16,0,34,39,43,6,81,95,242,228]} 1. d4 Nf6 2. c4 c5 3. d5 e5 4. Nc3 d6 5. e4 Be7 6. Bd3 a6 7. a3 {A56: Czech Benoni.} O-O 8. Nf3 Ne8 9. O-O {White is better.} Nd7 10. b4 b6 11. Rb1 g6 12. Bh6 Ng7 13. Qd2 Nf6 {[#]} 14. bxc5 $146 ({Predecessor:} 14. h3 Kh8 15. Rb2 Ng8 16. Bxg7+ Kxg7 17. bxc5 bxc5 18. Na4 Nf6 19. Nb6 Ra7 20. Rfb1 {1-0 (36) Piket,J (2410)-MacFarlane,D (2360) Oakham 1986}) 14... bxc5 15. h3 Bd7 16. Rb7 Rb8 17. Rxb8 Qxb8 18. Rb1 Qc8 19. Kh2 Kh8 20. Qb2 Ng8 21. Bd2 f5 22. Qb7 Nf6 23. Qxc8 (23. Qa7 $18) 23... Bxc8 $16 24. Rb6 Rd8 25. exf5 gxf5 26. Bc2 Nd7 (26... e4 $11) 27. Rc6 $36 {[%mdl 2048] Black must now prevent Ng5. Keeping Black busy.} Kg8 28. Bg5 Bxg5 29. Nxg5 Nf6 30. Na4 {Hoping for Nb6.} h6 31. Nf3 Nfe8 32. Nd2 a5 33. Rb6 Bd7 34. Rb7 {Threatens to win with Nb6.} f4 35. Nb6 Bf5 36. Bxf5 Nxf5 37. f3 $2 (37. Nd7 $18) 37... Nf6 $11 38. Nb3 a4 39. Na5 {[#]} (39. Nd2 $11) 39... Ne3 (39... Re8 $1 $17 40. Nd7 Nxd7 41. Rxd7 e4 42. fxe4 Rxe4) 40. Nc6 $14 Re8 41. g4 e4 42. Ne7+ Kf8 43. Ng6+ Kg8 44. Nxf4 exf3 {aiming for ...f2.} 45. Kg3 Ne4+ 46. Kxf3 Nd2+ {[%mdl 64] Double Attack} 47. Kg3 Nexc4 48. Nd7 {Nf6+ would kill now.} Ne4+ 49. Kh4 {And now Nh5 would win.} Ne5 ({Don't go for} 49... Nxa3 $2 50. Kh5 $18) (49... Ne3 $11 {keeps the balance.}) 50. Nxe5 $16 Rxe5 {[#]} (50... dxe5 $16 51. Ng6 Nd6) 51. Ng6 $1 {Accuracy: White = 77%, Black = 57%.} 1/2-1/2

[Event "WSTCC-50 2020"]
[Site "Prague"]
[Date "2020.03.10"]
[Round "5.35"]
[White "Fink-Nunn, Petra"]
[Black "Trejbal, Stanislav"]
[Result "0-1"]
[WhiteElo "1983"]
[BlackElo "2092"]
[Annotator "TA"]
[PlyCount "106"]
[EventDate "2020.03.06"]
[EventType "team-tourn"]
[EventCountry "CZE"]
[SourceTitle "playchess.com"]
[Source "ChessBase"]
[SourceQuality "1"]

{[%evp 9,106,0,46,41,45,43,37,31,47,32,39,13,27,0,0,-6,0,-10,-10,-28,19,3,14,8,29,13,37,5,53,14,37,34,60,23,28,14,14,13,20,13,22,10,14,0,31,4,18,22,53,15,20,0,0,-5,-16,-15,-9,-22,0,0,0,0,54,0,0,-52,-25,-95,-94,-120,-122,-125,-66,-90,-23,-130,-121,-585,-287,-335,-6,-708,-830,-794,-727,-668,-572,-544,-443,-577,-531,-637,-610,-12830,-2905,-29995,-29996,-29998,-29999]} 1. e4 e6 2. d4 d5 3. Nc3 Nf6 4. e5 Nfd7 5. f4 g6 6. Nf3 {C11: French: Classical System: 4 e5 and 4 Bg5 dxe4.} c5 7. Be3 a6 8. Qd2 {White is slightly better.} Nc6 9. dxc5 Bxc5 10. O-O-O b5 11. Bxc5 Nxc5 {[#]} 12. Nd4 $146 ({Predecessor:} 12. Bd3 Qa5 13. Kb1 Bb7 14. Rhe1 O-O-O 15. Qf2 Qb6 16. Ne2 Rd7 17. g4 h5 18. h3 {1-0 (47) Lagunov,E (2240)-Tazlaoanu,C (1901) Bucharest 2019}) 12... Qb6 13. Nxc6 Qxc6 14. Bd3 Bb7 15. Ne2 Qb6 16. Kb1 O-O-O 17. Nd4 Kb8 18. Qe3 Na4 19. Rhe1 Rc8 20. g4 Qc5 21. Bf1 h5 22. h3 hxg4 23. hxg4 Rh2 {[%cal Rh2c2] Hoping for ...Rxc2.} 24. Re2 Rh1 25. Red2 Rch8 26. Rd3 Rc8 27. Bg2 Rh2 (27... Qb4 $5 28. Nb3 $8 Qc4 $11) 28. Qg3 Rh7 ({Avoid the trap} 28... Qb4 $2 29. Rb3 $18) 29. R3d2 b4 {And now ...Nxb2! would win.} 30. Rd3 a5 $40 {[%mdl 128] Black is up to no good.} 31. Rc1 Ba6 32. Nb3 Qb6 33. Rd2 Bc4 34. f5 gxf5 35. gxf5 Bxb3 (35... Rhh8 $11) 36. axb3 (36. cxb3 $14 Rxc1+ 37. Kxc1 Qc5+ 38. Kd1 Qg1+ 39. Kc2 Qc5+ 40. Kd3 (40. Kd1 Qg1+ 41. Kc2 Qc5+ 42. Kd3 Nxb2+ 43. Ke2 Rh5 $16) 40... Nxb2+ 41. Ke2) 36... Nc5 $11 37. f6 (37. Rf1 $11) 37... Rh5 38. Bf3 (38. Rdd1 $11) 38... Rf5 $1 $17 39. Re1 Qc7 $1 40. Rde2 {[#]} Nd7 (40... Rxf6 $1 $17 {[%mdl 512]} 41. Qg4 (41. exf6 Qxg3) 41... Rg6) 41. Bg2 {[#]} Nxf6 ({Better is} 41... Rxf6 $1 $17 {[%mdl 512]} 42. Qd3 (42. exf6 Qxg3) 42... Rf4) 42. Bh3 (42. Qd3 $11 {keeps the balance.} Nh5 43. Bh3) 42... Ne4 43. Rxe4 $2 {[%mdl 8192]} (43. Qd3 $17 Rxe5 44. Bg2) 43... dxe4 (43... Qxc2+ $142 44. Ka2 Rf2) 44. Bxf5 exf5 $2 {[%mdl 4096] Endgame KQR-KQR} ({Black should play} 44... Qxc2+ $19 45. Ka1 exf5) 45. Qf4 $2 {[%mdl 8192]} (45. Qf2 $11) 45... Qxc2+ $19 {[%mdl 64] Double Attack} 46. Ka1 Qxb3 47. e6+ Kb7 {( -> ...Qa4+)} 48. Qxf5 Qxe6 (48... Qa4+ $2 49. Kb1 $17) 49. Qb5+ Qb6 50. Qd5+ Qc6 51. Qxf7+ Rc7 52. Qf5 b3 ({Weaker is} 52... Qa4+ 53. Kb1 $17) 53. Qxa5 {[#]} Qc1+ $1 {[%mdl 576] Back Rank. Accuracy: White = 48%, Black = 67%.} 0-1

[Event "WSTCC-50 2020"]
[Site "Prague"]
[Date "2020.03.10"]
[Round "5.36"]
[White "Chaloupka, Frantisek"]
[Black "Frostick, Helen M"]
[Result "1-0"]
[WhiteElo "1990"]
[BlackElo "1858"]
[Annotator "ChessBase"]
[PlyCount "67"]
[EventDate "2020.03.06"]
[EventType "team-tourn"]
[EventCountry "CZE"]
[SourceTitle "playchess.com"]
[Source "ChessBase"]
[SourceQuality "1"]
[TimeControl "40/5400+30:1800+30"]

1. e4 {[%emt 0:00:00]} e6 {[%emt 0:00:00]} 2. d4 {[%emt 0:00:00]} d5 {[%emt 0:00:00]} 3. Nd2 {[%emt 0:01:27]} dxe4 {[%emt 0:00:32]} 4. Nxe4 {[%emt 0:00:32]} Nd7 {[%emt 0:00:35]} 5. Nf3 {[%emt 0:01:23]} Ngf6 {[%emt 0:00:32]} 6. Bg5 {[%emt 0:03:18]} Be7 {[%emt 0:00:15]} 7. Nxf6+ {[%emt 0:00:34]} Nxf6 {[%emt 0:04:56]} 8. c3 {[%emt 0:04:34]} h6 {[%emt 0:11:32]} 9. Bxf6 {[%emt 0:02:12]} Bxf6 {[%emt 0:00:19]} 10. Bc4 {[%emt 0:03:00]} Qe7 {[%emt 0:06:41]} 11. O-O {[%emt 0:01:14]} O-O {[%emt 0:00:34]} 12. Re1 Rd8 {[%emt 0:10:36]} 13. Qc2 {[%emt 0:08:30]} Qd6 14. Rad1 c6 {[%emt 0:09:23]} 15. a4 {[%emt 0:06:55]} a5 {[%emt 0:00:33]} 16. Ba2 {[%emt 0:07:18]} Bd7 {[%emt 0:03:51]} 17. Bb1 {[%emt 0:02:22]} g6 {[%emt 0:00:28]} 18. Ne5 {[%emt 0:01:28]} Bxe5 {[%emt 0:02:01]} 19. Rxe5 {[%emt 0:00:34]} c5 {[%emt 0:05:37]} 20. Rxc5 {[%emt 0:08:13]} b6 {[%emt 0:00:16]} 21. Re5 {[%emt 0:00:19]} Rac8 {[%emt 0:00:23]} 22. Rde1 {[%emt 0:02:32]} Qc6 {[%emt 0:00:22]} 23. h4 {[%emt 0:03:34]} Qxa4 {[%emt 0:01:40]} 24. Qd3 {[%emt 0:01:36]} Qc4 {[%emt 0:03:45]} 25. Qg3 {[%emt 0:02:16]} Kg7 {[%emt 0:03:28]} 26. h5 {[%emt 0:07:19]} g5 {[%emt 0:01:43]} 27. Rxg5+ {[%emt 0:03:22]} hxg5 {[%emt 0:16:25]} 28. Qxg5+ {[%emt 0:00:13]} Kf8 {[%emt 0:00:08]} 29. Qf6 {[%emt 0:05:30]} Bb5 {[%emt 0:07:35]} 30. Bg6 {[%emt 0:02:53]} Rd7 {[%emt 0:02:51]} 31. h6 {[%emt 0:00:45]} Ke8 {[%emt 0:03:06]} 32. h7 {[%emt 0:08:03]} Re7 {[%emt 0:01:18]} 33. h8=Q+ {[%emt 0:00:18]} Kd7 {[%emt 0:00:01]} 34. Qhh4 {[%emt 0:00:27]} 1-0